Normal view
MARC view
- United States.
Entry Corporate Name
001 - CONTROL NUMBER
- control field: 20048
003 - CONTROL NUMBER IDENTIFIER
- control field: NUST
005 - DATE AND TIME OF LATEST TRANSACTION
- control field: 20190906051001.0
008 - FIXED-LENGTH DATA ELEMENTS
- fixed length control field: 190906|| aca||aabn | a|a d
040 ## - CATALOGING SOURCE
- Original cataloging agency: NUST
- Transcribing agency: NUST
110 ## - HEADING--CORPORATE NAME
- Corporate name or jurisdiction name as entry element: United States.
- Subordinate unit: Federal Highway Administration.
- Subordinate unit: Office of Transportation Management.
670 ## - SOURCE DATA FOUND
- Source citation: Work cat.: (NUST)0: Technologies that enable congestion pricing :, [2008]
